| 000 | 00855nam a2200193Ii 4500 | ||
|---|---|---|---|
| 003 | JO-AjNU | ||
| 008 | 230605s9999||||xx |||||||||||||| ||und|| | ||
| 040 |
_aJO-AjNU _bara _erda _cJO-AjNU |
||
| 041 | _aara | ||
| 050 | 1 | 4 | _aPJ6161.Q9832 1950 |
| 100 | 3 |
_aالقزويني، محمد بن عبد الرحمن بن عمر جلال الدين الخطيب 666-729 هجري مؤلف؛ مجدي فتحي السيد تحقيق, _eauthor _958553 |
|
| 245 | 0 | 0 | _aالإيضاح في علوم البلاغة: المعاني والبيان والبديع: مختصر تلخيص المفتاح |
| 264 | 3 | 1 | _aالقاهرة: المكتبة التوفيقية، 1950 |
| 300 | _a276ص | ||
| 336 |
_atext _btxt _2rdacontent |
||
| 337 |
_aunmediated _bn _2rdamedia |
||
| 338 |
_avolume _bnc _2rdacarrier |
||
| 650 | 4 |
_aاللغة العربية - البلاغة _958554 |
|
| 999 |
_aA26300 _c29868 _d29868 |
||